| 000 | 00745nam a2200229 a 4500 | ||
|---|---|---|---|
| 001 | 000040976 | ||
| 005 | 20250128172438.0 | ||
| 008 | 130912s2009 mx ac 001 0 spa d | ||
| 020 | _a9786074423143 | ||
| 040 |
_aDO-SdBNP _bspa _cBNPHU |
||
| 082 |
_axxxx _bxxxx |
||
| 100 | 1 |
_aMorris, Charles G. _d1940- _967407 |
|
| 245 | 1 | 0 |
_aPsicología. / _cCharles G. Morris, Albert A. Maisto; traducción, María Elena Ortiz Salinas. |
| 250 | _a13era. ed. | ||
| 260 |
_aMéxico, : _bPrentice hall, _c2009. |
||
| 300 |
_a744 p. : _bil. ; _c27 cm. |
||
| 500 | _aIncluye índice de nombres | ||
| 504 | _aBibliografía p: 657-694 | ||
| 500 | _aIncluye glosario | ||
| 700 | 1 |
_aOrtiz Salinas, María Elena _etrad. _967408 |
|
| 700 | 1 |
_aMaisto, Albert A. _967409 |
|
| 999 |
_c40466 _d40466 |
||